Botswana : EIU country report :
| Format: | Book |
|---|---|
| Published: |
London:
The Economist Intelligence Unit,
2007.
|
| Subjects: |
| LEADER | 00459cam a2200145 7i4500 | ||
|---|---|---|---|
| 001 | 0000020185 | ||
| 005 | 20080116090000.0 | ||
| 022 | 0 | 0 | |a 1356-4021 |
| 090 | 0 | 0 | |a BOTW 330.9 |b BOT |
| 245 | 0 | 0 | |a Botswana : |b EIU country report : |b EIU country report : |b August 2007. |
| 260 | 0 | 0 | |a London: |b The Economist Intelligence Unit, |c 2007. |
| 300 | # | # | |a 24 p. |
| 650 | 0 | 0 | |a Botswana -- |x Country report |
| 651 | 0 | 0 | |a Botswana |
| 999 | |a B000021000 |b Book |c Countries |e Business Information Centre | ||